| 000 | 00680nas a2200241 4500 | ||
|---|---|---|---|
| 001 | BR7905013 | ||
| 003 | BR-BrBNA | ||
| 005 | 20231205083856.0 | ||
| 007 | ta | ||
| 008 | 230509b bl.|||p| |||| 00| 00por d | ||
| 040 |
_aBR-BrBNA _bpor _cBiblioteca Nacional de Agricultura |
||
| 041 | _a(Pt) | ||
| 072 | _aL72 | ||
| 100 | 1 | _aSantos, S.M. | |
| 245 | 1 | _aCarrapato transmite doenca | |
| 650 | _aPraga de animal | ||
| 650 | _aCarrapato | ||
| 650 | _aTransmissao de doenca | ||
| 650 | _aAnaplasmose | ||
| 773 | 0 |
_tAgricultura e Pecuaria (Brazil) _xISSN 0100-249X _g(Mar 1979), (no. 627) p. 41-42 _wBR7905013 |
|
| 909 |
_a202311 _bLúcia _c55 _dLúcia Elande |
||
| 942 |
_2AGRIS _n0 _cANA |
||
| 999 |
_c101750 _d101750 |
||